[Event "WSCC 2012 Iasi - ROU  O11"]
[Site "Iasi"]
[Date "2012.05.03"]
[Round "6.3"]
[White "Stoleriu , George"]
[Black "Mirauta, Stefano-Marius"]
[Result "1-0"]
[WhiteElo "1597"]
[BlackElo "1867"]
[Annotator "Doe,John"]
[PlyCount "59"]
[EventDate "2012.04.28"]

1. e4 {[%emt 0:00:00]} c5 {[%emt 0:00:00]} 2. Nc3 {[%emt 0:00:00]} Nc6 {
[%emt 0:00:00]} 3. g3 {[%emt 0:00:00]} g6 {[%emt 0:00:00]} 4. Bg2 {
[%emt 0:00:00]} Bg7 {[%emt 0:00:00]} 5. d3 {[%emt 0:00:00]} e6 {[%emt 0:00:00]}
6. Nge2 {[%emt 0:00:00]} Nge7 {[%emt 0:00:00]} 7. Be3 {[%emt 0:00:00]} Nd4 {
[%emt 0:00:00]} 8. Qd2 {[%emt 0:00:00]} Nxe2 {[%emt 0:00:00]} 9. Qxe2 {
[%emt 0:00:00]} Qb6 {[%emt 0:00:00]} 10. Nd1 {[%emt 0:00:00]} O-O {
[%emt 0:00:00]} 11. O-O {[%emt 0:00:00]} f5 {[%emt 0:00:00]} 12. c3 {
[%emt 0:00:00]} a5 {[%emt 0:00:00]} 13. a3 {[%emt 0:00:00]} d5 {[%emt 0:00:00]}
14. Bg5 {[%emt 0:00:00]} Bf6 {[%emt 0:00:00]} 15. Bxf6 {[%emt 0:00:00]} Rxf6 {
[%emt 0:00:00]} 16. exd5 {[%emt 0:00:00]} Nxd5 {[%emt 0:00:00]} 17. Qe5 {
[%emt 0:00:00]} Qc7 {[%emt 0:00:00]} 18. Re1 {[%emt 0:00:00]} Qd8 {
[%emt 0:00:00]} 19. c4 {[%emt 0:00:00]} Nc7 {[%emt 0:00:00]} 20. Qxc5 {
[%emt 0:00:00]} Ne8 {[%emt 0:00:00]} 21. d4 {[%emt 0:00:00]} Rb8 {
[%emt 0:00:00]} 22. Nc3 {[%emt 0:00:00]} Nd6 {[%emt 0:00:00]} 23. d5 {
[%emt 0:00:00]} b6 {[%emt 0:00:00]} 24. Qd4 {[%emt 0:00:00]} Nb7 {
[%emt 0:00:00]} 25. Qe5 {[%emt 0:00:00]} Bd7 {[%emt 0:00:00]} 26. dxe6 {
[%emt 0:00:00]} Bxe6 {[%emt 0:00:00]} 27. Rad1 {[%emt 0:00:00]} Qf8 {
[%emt 0:00:00]} 28. Bd5 {[%emt 0:00:00]} Nc5 {[%emt 0:00:00]} 29. b4 {
[%emt 0:00:00]} axb4 {[%emt 0:00:00]} 30. axb4 {[%emt 0:00:00]} 1-0

[Event "WSCC 2012 Iasi - ROU  O11"]
[Site "Iasi"]
[Date "2012.05.04"]
[Round "7.2"]
[White "Zlatin, Alexander"]
[Black "Stoleriu , George"]
[Result "1/2-1/2"]
[WhiteElo "1604"]
[BlackElo "1597"]
[Annotator "Doe,John"]
[PlyCount "43"]
[EventDate "2012.04.28"]

1. e4 {[%emt 0:00:00]} c6 {[%emt 0:00:00]} 2. d4 {[%emt 0:00:00]} d5 {
[%emt 0:00:00]} 3. exd5 {[%emt 0:00:00]} cxd5 {[%emt 0:00:00]} 4. c4 {
[%emt 0:00:00]} Nf6 {[%emt 0:00:00]} 5. Nc3 {[%emt 0:00:00]} Nc6 {
[%emt 0:00:00]} 6. cxd5 {[%emt 0:00:00]} Nxd5 {[%emt 0:00:00]} 7. Bc4 {
[%emt 0:00:00]} Nb6 {[%emt 0:00:00]} 8. Bb5 {[%emt 0:00:00]} Bd7 {
[%emt 0:00:00]} 9. Nf3 {[%emt 0:00:00]} a6 {[%emt 0:00:00]} 10. Be2 {
[%emt 0:00:00]} e6 {[%emt 0:00:00]} 11. a3 {[%emt 0:00:00]} Be7 {[%emt 0:00:00]
} 12. Bf4 {[%emt 0:00:00]} Rc8 {[%emt 0:00:00]} 13. O-O {[%emt 0:00:00]} O-O {
[%emt 0:00:00]} 14. Re1 {[%emt 0:00:00]} Na5 {[%emt 0:00:00]} 15. d5 {
[%emt 0:00:00]} exd5 {[%emt 0:00:00]} 16. Nxd5 {[%emt 0:00:00]} Nxd5 {
[%emt 0:00:00]} 17. Qxd5 {[%emt 0:00:00]} Be6 {[%emt 0:00:00]} 18. Qxd8 {
[%emt 0:00:00]} Rfxd8 {[%emt 0:00:00]} 19. Ng5 {[%emt 0:00:00]} Bxg5 {
[%emt 0:00:00]} 20. Bxg5 {[%emt 0:00:00]} Rd5 {[%emt 0:00:00]} 21. Be3 {
[%emt 0:00:00]} Nc4 {[%emt 0:00:00]} 22. Bf3 {[%emt 0:00:00]} 1/2-1/2

[Event "WSCC 2012 Iasi - ROU  O11"]
[Site "Iasi"]
[Date "2012.05.05"]
[Round "8.1"]
[White "Stoleriu , George"]
[Black "Aleksandrov, Zakhar"]
[Result "1/2-1/2"]
[WhiteElo "1597"]
[BlackElo "2102"]
[Annotator "Doe,John"]
[PlyCount "50"]
[EventDate "2012.04.28"]

1. b3 {[%emt 0:00:00]} d6 {[%emt 0:00:00]} 2. Bb2 {[%emt 0:00:00]} e5 {
[%emt 0:00:00]} 3. e3 {[%emt 0:00:00]} Nc6 {[%emt 0:00:00]} 4. Bb5 {
[%emt 0:00:00]} Qg5 {[%emt 0:00:00]} 5. Qf3 {[%emt 0:00:00]} Nge7 {
[%emt 0:00:00]} 6. Qg3 {[%emt 0:00:00]} Qxg3 {[%emt 0:00:00]} 7. hxg3 {
[%emt 0:00:00]} a6 {[%emt 0:00:00]} 8. Be2 {[%emt 0:00:00]} Be6 {[%emt 0:00:00]
} 9. Nf3 {[%emt 0:00:00]} f6 {[%emt 0:00:00]} 10. d4 {[%emt 0:00:00]} exd4 {
[%emt 0:00:00]} 11. Nxd4 {[%emt 0:00:00]} Nxd4 {[%emt 0:00:00]} 12. exd4 {
[%emt 0:00:00]} Kf7 {[%emt 0:00:00]} 13. c4 {[%emt 0:00:00]} d5 {[%emt 0:00:00]
} 14. Nc3 {[%emt 0:00:00]} g6 {[%emt 0:00:00]} 15. O-O-O {[%emt 0:00:00]} Bg7 {
[%emt 0:00:00]} 16. Rhe1 {[%emt 0:00:00]} Rhe8 {[%emt 0:00:00]} 17. Ba3 {
[%emt 0:00:00]} c6 {[%emt 0:00:00]} 18. Na4 {[%emt 0:00:00]} dxc4 {
[%emt 0:00:00]} 19. bxc4 {[%emt 0:00:00]} b5 {[%emt 0:00:00]} 20. Nb6 {
[%emt 0:00:00]} Rab8 {[%emt 0:00:00]} 21. Bc5 {[%emt 0:00:00]} Nc8 {
[%emt 0:00:00]} 22. Nxc8 {[%emt 0:00:00]} Rbxc8 {[%emt 0:00:00]} 23. cxb5 {
[%emt 0:00:00]} cxb5 {[%emt 0:00:00]} 24. Kb2 {[%emt 0:00:00]} f5 {
[%emt 0:00:00]} 25. Ka3 {[%emt 0:00:00]} Bd5 {[%emt 0:00:00]} 1/2-1/2

[Event "CN Juniori 2012 B10"]
[Site "Calimanesti-Caciulata"]
[Date "2012.04.05"]
[Round "6.3"]
[White "Zlatea, Cezar-Stelian"]
[Black "Stoleriu , George"]
[Result "1-0"]
[WhiteElo "1669"]
[BlackElo "1597"]
[PlyCount "122"]
[EventDate "2012.??.??"]

1. e4 c6 2. d4 d5 3. exd5 cxd5 4. Bd3 Nc6 5. c3 Qc7 6. h3 Nf6 7. Nf3 e6 8. O-O
Bd7 9. Re1 Bd6 10. Qe2 O-O-O 11. a4 h6 12. b4 Rdg8 13. Na3 g5 14. Nb5 Qb8 15.
Nxd6+ Qxd6 16. Ne5 Be8 17. Ba3 Qc7 18. Nxc6 Bxc6 19. b5 Be8 20. Rec1 Qd8 21. c4
dxc4 22. Qe5 Nd5 23. Rxc4+ Nc7 24. Bd6 Bc6 25. bxc6 b6 26. Bxc7 Qxc7 27. Qxc7+
Kxc7 28. a5 b5 29. Rc5 a6 30. Rac1 Rd8 31. Bxb5 axb5 32. Rxb5 Rb8 33. Rbc5 Rhd8
34. R1c4 Ra8 35. Kh2 f6 36. Kg3 h5 37. h4 gxh4+ 38. Kxh4 Rg8 39. Rxh5 Rh8 40.
g4 Rxh5+ 41. gxh5 Rxa5 42. h6 Ra1 43. Rc3 Rh1+ 44. Rh3 Rb1 45. h7 Rb8 46. Kh5
Kxc6 47. Kg6 Kd5 48. h8=Q Rxh8 49. Rxh8 Kxd4 50. Kxf6 e5 51. Re8 e4 52. Kf5 e3
53. fxe3+ Kd3 54. e4 Ke3 55. e5 Kd3 56. e6 Ke3 57. Kg4 Ke4 58. Rd8 Ke5 59. e7
Kf6 60. e8=Q Kg7 61. Rd7+ Kh6 1-0

[Event "CN Juniori 2012 B10"]
[Site "Calimanesti-Caciulata"]
[Date "2012.04.07"]
[Round "8.2"]
[White "Talu, Mircea"]
[Black "Stoleriu , George"]
[Result "1/2-1/2"]
[WhiteElo "1592"]
[BlackElo "1597"]
[PlyCount "63"]
[EventDate "2012.??.??"]

1. e4 c6 2. Nc3 d5 3. Nf3 Bg4 4. h3 Bh5 5. exd5 cxd5 6. g4 Bg6 7. Ne5 Nc6 8.
Bb5 Rc8 9. h4 f6 10. Nxg6 hxg6 11. d4 e6 12. Qd3 Kf7 13. Bxc6 Rxc6 14. h5 gxh5
15. gxh5 Ne7 16. Bf4 Nf5 17. O-O-O Bb4 18. Ne2 Bd6 19. Bxd6 Qxd6 20. Rdg1 Qb4
21. c3 Qc4 22. Qxc4 Rxc4 23. b3 Rc7 24. Kd2 Rhc8 25. a3 b5 26. b4 Nd6 27. f3
Nc4+ 28. Kd3 Nb2+ 29. Kc2 Nc4 30. Kd3 Nxa3 31. Rg2 Nc4 32. Rhg1 1/2-1/2

[Event "CN Juniori 2011 - B10"]
[Site "Caciulata"]
[Date "2011.04.12"]
[Round "3.2"]
[White "Stoleriu , George"]
[Black "Baciu, Radu-George"]
[Result "1/2-1/2"]
[WhiteElo "1477"]
[BlackElo "1763"]
[PlyCount "89"]
[EventDate "2011.??.??"]

1. e4 e5 2. Nf3 Nc6 3. Bc4 Bc5 4. d3 h6 5. O-O Nf6 6. Re1 O-O 7. c3 d6 8. a4 a5
9. Be3 Bxe3 10. Rxe3 d5 11. exd5 Nxd5 12. Re1 Qd6 13. Na3 Nf4 14. g3 Ng6 15.
Nb5 Qd8 16. Qb3 Bg4 17. Nd2 Na7 18. Nxa7 Rxa7 19. Bd5 c6 20. Bc4 b6 21. Qc2 Bf5
22. Nf3 Qf6 23. Qb3 Rb7 24. Re3 Bg4 25. Nd2 Re8 26. Ne4 Qe7 27. d4 Qc7 28. Rae1
Be6 29. Bxe6 Rxe6 30. d5 cxd5 31. Qxd5 Ne7 32. Qb5 Nf5 33. Rf3 Nd6 34. Nxd6
Qxd6 35. Rd3 Qc7 36. Rd5 f6 37. Qb3 Qf7 38. Rd8+ Kh7 39. Red1 Ree7 40. Qc2+ g6
41. Qd3 Kg7 42. Qd5 Qxd5 43. R1xd5 Kf7 44. R8d6 Re6 45. Rd7+ 1/2-1/2

[Event "CN Juniori 2011 - B10"]
[Site "Caciulata"]
[Date "2011.04.13"]
[Round "4.6"]
[White "Stoleriu , George"]
[Black "Sauca-Gherman, Catalin-Gheorghe"]
[Result "1-0"]
[WhiteElo "1477"]
[BlackElo "1735"]
[PlyCount "63"]
[EventDate "2011.??.??"]

1. e4 e5 2. Nf3 Nc6 3. Bc4 Bc5 4. c3 Nf6 5. d3 d6 6. Nbd2 Be6 7. Bb3 h6 8. a4
a6 9. O-O O-O 10. Re1 Ng4 11. Re2 Re8 12. h3 Nf6 13. Nf1 Nd7 14. d4 exd4 15.
Bxe6 fxe6 16. cxd4 Bb6 17. Ng3 Qf6 18. Be3 Qf7 19. Rc1 Rac8 20. Qd2 Kh7 21. Qd3
Kg8 22. Bd2 Ba7 23. Bc3 Re7 24. Rec2 Nf8 25. d5 Nd8 26. dxe6 Nfxe6 27. Nf5 Re8
28. Bxg7 Kh7 29. Bxh6 Nc6 30. Bd2 Red8 31. Qb3 Rb8 32. Qxe6 1-0

[Event "CN Juniori 2011 - B10"]
[Site "Caciulata"]
[Date "2011.04.14"]
[Round "5.3"]
[White "Cotarlan, Codrin"]
[Black "Stoleriu , George"]
[Result "0-1"]
[WhiteElo "1654"]
[BlackElo "1477"]
[PlyCount "78"]
[EventDate "2011.??.??"]

1. d4 d5 2. c4 e6 3. Nf3 Nf6 4. e3 Nbd7 5. Nc3 Be7 6. Bd3 O-O 7. O-O b6 8. cxd5
exd5 9. Bd2 Bb7 10. Qe2 c5 11. b3 Rc8 12. Rac1 Re8 13. Ba6 Qc7 14. Bxb7 Qxb7
15. Rc2 Nf8 16. Rfc1 cxd4 17. Nxd4 Ba3 18. Rd1 Ne6 19. Be1 Bc5 20. Nxe6 Rxe6
21. Qd3 Rce8 22. Nxd5 Ng4 23. h3 Ne5 24. Qb5 a6 25. Qf1 Kh8 26. b4 Bd6 27. Nf4
Rh6 28. Rcd2 Bc7 29. Rd5 g5 30. Ne2 g4 31. hxg4 Nxg4 32. Bc3+ f6 33. Rd7 Bh2+
34. Kh1 Nxf2+ 35. Qxf2 Bg3+ 36. Kg1 Bxf2+ 37. Kxf2 Qe4 38. R1d6 Qxe3+ 39. Kf1
Rh1+ 0-1

[Event "CN Juniori 2011 - B10"]
[Site "Caciulata"]
[Date "2011.04.14"]
[Round "6.1"]
[White "Stoleriu , George"]
[Black "Calin, Alexandru"]
[Result "0-1"]
[WhiteElo "1477"]
[BlackElo "1629"]
[PlyCount "112"]
[EventDate "2011.??.??"]

1. d4 d5 2. c4 e6 3. Nf3 c6 4. e3 f5 5. Bd3 Bd6 6. Nc3 Nf6 7. O-O O-O 8. b3 Qe7
9. Bb2 Nbd7 10. cxd5 cxd5 11. Nb5 Bb4 12. a3 Ba5 13. b4 Bd8 14. Rc1 a6 15. Nc3
Ne4 16. Qe2 b5 17. Rfd1 Nb6 18. Ne5 Bb7 19. f3 Nxc3 20. Bxc3 Nc4 21. Nxc4 bxc4
22. Bb1 Bc7 23. e4 fxe4 24. fxe4 Qh4 25. e5 Bb6 26. g3 Qg5 27. Rf1 Bc6 28. Bd2
Bxd4+ 29. Kg2 Qxe5 30. Qg4 Bb2 31. Rce1 d4+ 32. Kh3 Qd5 33. Be4 Qd6 34. Bh6 d3
35. Bxc6 Qxc6 36. Rxe6 Qd7 37. Rfe1 Bc3 38. Rd1 Rae8 39. Re4 Qxg4+ 40. Rxg4 Rc8
41. Kg2 Bb2 42. a4 Rfd8 43. b5 axb5 44. axb5 c3 45. Bxg7 Kf7 46. Be5 Rd5 47.
Bf4 c2 48. Rf1 Ke6 49. b6 Rb5 50. Re1+ Kf6 51. Rf1 Ke6 52. Re1+ Kd7 53. Rh4 h5
54. Bc1 Bxc1 55. Rxc1 Rd5 56. b7 Rb8 0-1

[Event "CN Juniori 2011 - B10"]
[Site "Caciulata"]
[Date "2011.04.15"]
[Round "7.4"]
[White "Dicu, Dan Alexandru"]
[Black "Stoleriu , George"]
[Result "0-1"]
[WhiteElo "1804"]
[BlackElo "1477"]
[PlyCount "44"]
[EventDate "2011.??.??"]

1. Nf3 Nf6 2. b3 d5 3. Bb2 c5 4. d4 cxd4 5. Nxd4 g6 6. g3 Bg7 7. Nf3 Nc6 8. Bg2
O-O 9. O-O Re8 10. h3 e5 11. e3 h6 12. h4 Bg4 13. Qc1 Rc8 14. Qe1 Bf5 15. c3
Bd3 16. Nbd2 Bxf1 17. Qxf1 e4 18. Nd4 Nxd4 19. cxd4 Rc2 20. Bc1 Qa5 21. a3 Qc3
22. Bh3 Qxa1 0-1

[Event "COLOSSEUM 111"]
[Site "playchess.com #021503"]
[Date "2010.06.15"]
[Round "1"]
[White "Stoleriu , George"]
[Black "Apatosaurus"]
[Result "0-1"]
[WhiteElo "1313"]
[BlackElo "1917"]
[PlyCount "120"]
[EventDate "2010.06.15"]
[EventType "swiss (blitz)"]

1. e4 {[%emt 0:00:00]} c5 {[%emt 0:00:02]} 2. Nf3 {[%emt 0:00:05]} d6 {
[%emt 0:00:00]} 3. d4 {[%emt 0:00:03]} cxd4 {[%emt 0:00:01]} 4. Nxd4 {
[%emt 0:00:00]} Nf6 {[%emt 0:00:01]} 5. Nc3 {[%emt 0:00:01]} a6 {[%emt 0:00:03]
} 6. Be3 {[%emt 0:00:02]} e5 {[%emt 0:00:02]} 7. Nb3 {[%emt 0:00:01]} Be7 {
[%emt 0:00:05]} 8. Be2 {[%emt 0:00:01]} O-O {[%emt 0:00:02]} 9. O-O {
[%emt 0:00:03]} Be6 {[%emt 0:00:00]} 10. Kh1 {[%emt 0:00:04]} Nbd7 {
[%emt 0:00:02]} 11. f3 {[%emt 0:00:02]} Qc7 {[%emt 0:00:09]} 12. Nd5 {
[%emt 0:00:04]} Nxd5 {[%emt 0:00:03]} 13. exd5 {[%emt 0:00:01]} Bf5 {
[%emt 0:00:00]} 14. Bd3 {[%emt 0:00:03]} Bxd3 {[%emt 0:00:00]} 15. Qxd3 {
[%emt 0:00:01]} Rac8 {[%emt 0:00:02]} 16. Rac1 {[%emt 0:00:02]} f5 {
[%emt 0:00:02]} 17. f4 {[%emt 0:00:12]} Qc4 {[%emt 0:00:08]} 18. Qxc4 {
[%emt 0:00:03]} Rxc4 {[%emt 0:00:02]} 19. fxe5 {[%emt 0:00:01]} Nxe5 {
[%emt 0:00:00]} 20. Na5 {[%emt 0:00:12]} Rc7 {[%emt 0:00:02]} 21. c3 {
[%emt 0:00:04]} g6 {[%emt 0:00:05]} 22. Bd4 {[%emt 0:00:02]} Bf6 {
[%emt 0:00:04]} 23. Bxe5 {[%emt 0:00:03]} Bxe5 {[%emt 0:00:01]} 24. Nb3 {
[%emt 0:00:03]} b5 {[%emt 0:00:00]} 25. g3 {[%emt 0:00:08]} Rb8 {[%emt 0:00:03]
} 26. Rfe1 {[%emt 0:00:05]} Kg7 {[%emt 0:00:03]} 27. Rcd1 {[%emt 0:00:06]} Kf7
{[%emt 0:00:03]} 28. Rf1 {[%emt 0:00:03]} b4 {[%emt 0:00:03]} 29. cxb4 {
[%emt 0:00:06]} Rxb4 {[%emt 0:00:01]} 30. Rb1 {[%emt 0:00:02]} Rb5 {
[%emt 0:00:04]} 31. g4 {[%emt 0:00:02]} Kf6 {[%emt 0:00:03]} 32. gxf5 {
[%emt 0:00:03]} gxf5 {[%emt 0:00:01]} 33. Rfd1 {[%emt 0:00:05]} Rc2 {
[%emt 0:00:04]} 34. Rd2 {[%emt 0:00:15]} Rxd2 {[%emt 0:00:00]} 35. Nxd2 {
[%emt 0:00:01]} Rxb2 {[%emt 0:00:02]} 36. Rxb2 {[%emt 0:00:01]} Bxb2 {
[%emt 0:00:01]} 37. Nc4 {[%emt 0:00:01]} Be5 {[%emt 0:00:01]} 38. Kg2 {
[%emt 0:00:02]} Ke7 {[%emt 0:00:08]} 39. h3 {[%emt 0:00:02]} Kd7 {
[%emt 0:00:00]} 40. Kf3 {[%emt 0:00:01]} Ke7 {[%emt 0:00:01]} 41. Ke3 {
[%emt 0:00:03]} Kd7 {[%emt 0:00:01]} 42. Kf3 {[%emt 0:00:01]} Kd8 {
[%emt 0:00:02]} 43. Ke3 {[%emt 0:00:01]} Ke8 {[%emt 0:00:01]} 44. Kf3 {
[%emt 0:00:01]} Bh2 {[%emt 0:00:03]} 45. Ke3 {[%emt 0:00:01]} Kd7 {
[%emt 0:00:03]} 46. Kd3 {[%emt 0:00:01]} Bg1 {[%emt 0:00:03]} 47. Ke2 {
[%emt 0:00:01]} Bc5 {[%emt 0:00:02]} 48. Kf3 {[%emt 0:00:00]} Ke7 {
[%emt 0:00:02]} 49. Kf4 {[%emt 0:00:01]} Kf6 {[%emt 0:00:01]} 50. h4 {
[%emt 0:00:02]} h5 {[%emt 0:00:02]} 51. Na5 {[%emt 0:00:03]} Bf2 {
[%emt 0:00:00]} 52. Nb7 {[%emt 0:00:05]} Bg1 {[%emt 0:00:02]} 53. Kg3 {
[%emt 0:00:05]} Bc5 {[%emt 0:00:03]} 54. Kf4 {[%emt 0:00:06]} Bb4 {
[%emt 0:00:02]} 55. Kf3 {[%emt 0:00:03]} a5 {[%emt 0:00:01]} 56. Kg3 {
[%emt 0:00:02]} a4 {[%emt 0:00:01]} 57. Kf4 {[%emt 0:00:00]} a3 {[%emt 0:00:02]
} 58. Kf3 {[%emt 0:00:00]} Ke5 {[%emt 0:00:03]} 59. Ke3 {[%emt 0:00:01]} f4+ {
[%emt 0:00:01]} 60. Kf3 {[%emt 0:00:00]} Be1 {Time [%emt 0:00:01]} 0-1

[Event "COLOSSEUM 111"]
[Site "playchess.com #021503"]
[Date "2010.06.15"]
[Round "2"]
[White "Bviorel"]
[Black "Stoleriu , George"]
[Result "1-0"]
[WhiteElo "1785"]
[BlackElo "1312"]
[PlyCount "55"]
[EventDate "2010.06.15"]
[EventType "swiss (blitz)"]

1. e4 {[%emt 0:00:11]} c5 {[%emt 0:00:02]} 2. c4 {[%emt 0:00:02]} d6 {
[%emt 0:00:00]} 3. Nc3 {[%emt 0:00:02]} Nf6 {[%emt 0:00:02]} 4. g3 {
[%emt 0:00:01]} e6 {[%emt 0:00:01]} 5. Bg2 {[%emt 0:00:01]} a6 {[%emt 0:00:01]}
6. f4 {[%emt 0:00:00]} Be7 {[%emt 0:00:01]} 7. d3 {[%emt 0:00:02]} Bd7 {
[%emt 0:00:02]} 8. Nge2 {[%emt 0:00:01]} Nc6 {[%emt 0:00:02]} 9. O-O {
[%emt 0:00:01]} O-O {[%emt 0:00:00]} 10. h3 {[%emt 0:00:01]} e5 {[%emt 0:00:04]
} 11. f5 {[%emt 0:00:01]} Nd4 {[%emt 0:00:03]} 12. Kh2 {[%emt 0:00:02]} Nxe2 {
[%emt 0:00:02]} 13. Nxe2 {[%emt 0:00:02]} Rc8 {[%emt 0:00:06]} 14. g4 {
[%emt 0:00:07]} b5 {[%emt 0:00:04]} 15. b3 {[%emt 0:00:01]} b4 {[%emt 0:00:02]}
16. Ng3 {[%emt 0:00:02]} Ne8 {[%emt 0:00:00]} 17. Nh5 {[%emt 0:00:05]} Bg5 {
[%emt 0:00:05]} 18. Bxg5 {[%emt 0:00:09]} Qxg5 {[%emt 0:00:02]} 19. Kg3 {
[%emt 0:00:03]} g6 {[%emt 0:00:05]} 20. h4 {[%emt 0:00:01]} Qe7 {[%emt 0:00:07]
} 21. g5 {[%emt 0:00:02]} gxh5 {[%emt 0:00:00]} 22. f6 {[%emt 0:00:02]} Qd8 {
[%emt 0:00:05]} 23. Qxh5 {[%emt 0:00:01]} Nc7 {[%emt 0:00:09]} 24. Rf5 {
[%emt 0:00:01]} Bxf5 {[%emt 0:00:03]} 25. exf5 {[%emt 0:00:01]} Re8 {
[%emt 0:00:01]} 26. Qh6 {[%emt 0:00:03]} Ne6 {[%emt 0:00:00]} 27. fxe6 {
[%emt 0:00:01]} fxe6 {[%emt 0:00:01]} 28. Qg7# {[%emt 0:00:01]} 1-0

[Event "COLOSSEUM 111"]
[Site "playchess.com #021503"]
[Date "2010.06.15"]
[Round "4"]
[White "adry_ab86"]
[Black "Stoleriu , George"]
[Result "0-1"]
[WhiteElo "1225"]
[BlackElo "1310"]
[PlyCount "48"]
[EventDate "2010.06.15"]
[EventType "swiss (blitz)"]

1. d4 {[%emt 0:00:03]} d5 {[%emt 0:00:01]} 2. c4 {[%emt 0:00:04]} e6 {
[%emt 0:00:00]} 3. Nc3 {[%emt 0:00:02]} Nf6 {[%emt 0:00:01]} 4. e3 {
[%emt 0:00:02]} Be7 {[%emt 0:00:01]} 5. Nf3 {[%emt 0:00:03]} O-O {
[%emt 0:00:01]} 6. Be2 {[%emt 0:00:00]} b6 {[%emt 0:00:01]} 7. b3 {
[%emt 0:00:07]} Bb7 {[%emt 0:00:01]} 8. O-O {[%emt 0:00:04]} Nbd7 {
[%emt 0:00:01]} 9. Bb2 {[%emt 0:00:01]} c5 {[%emt 0:00:00]} 10. h3 {
[%emt 0:00:12]} cxd4 {[%emt 0:00:04]} 11. Nxd4 {[%emt 0:00:03]} dxc4 {
[%emt 0:00:01]} 12. Bxc4 {[%emt 0:00:05]} Nc5 {[%emt 0:00:04]} 13. Qe2 {
[%emt 0:00:15]} Rc8 {[%emt 0:00:08]} 14. Rad1 {[%emt 0:00:02]} Rc7 {
[%emt 0:00:00]} 15. Ndb5 {[%emt 0:00:04]} Rd7 {[%emt 0:00:02]} 16. Nxa7 {
[%emt 0:00:08]} Qa8 {[%emt 0:00:07]} 17. Rxd7 {[%emt 0:00:05]} Nfxd7 {
[%emt 0:00:03]} 18. Ncb5 {[%emt 0:00:08]} Bxg2 {[%emt 0:00:05]} 19. Kh2 {
[%emt 0:00:04]} Bxf1 {[%emt 0:00:00]} 20. Qxf1 {[%emt 0:00:10]} Bd6+ {
[%emt 0:00:20]} 21. f4 {[%emt 0:00:04]} Bb8 {[%emt 0:00:06]} 22. Qg1 {
[%emt 0:00:44]} g6 {[%emt 0:00:09]} 23. Qg5 {[%emt 0:00:26]} Bxa7 {
' [%emt 0:00:10]} 24. Qe7 {[%emt 0:00:02]} Qf3 {Time [%emt 0:00:00]} 0-1

[Event "COLOSSEUM 111"]
[Site "playchess.com #021503"]
[Date "2010.06.15"]
[Round "5"]
[White "Stoleriu , George"]
[Black "Remizatorul"]
[Result "1/2-1/2"]
[WhiteElo "1323"]
[BlackElo "1972"]
[PlyCount "20"]
[EventDate "2010.06.15"]
[EventType "swiss (blitz)"]

1. e4 {[%emt 0:00:01]} c6 {[%emt 0:00:07]} 2. d4 {[%emt 0:00:02]} d5 {
Remizatorul offers a draw [%emt 0:00:00]} 3. exd5 {[%emt 0:00:01]} cxd5 {
[%emt 0:00:01]} 4. c4 {[%emt 0:00:04]} e6 {[%emt 0:00:01]} 5. cxd5 {
[%emt 0:00:02]} exd5 {[%emt 0:00:01]} 6. Nc3 {[%emt 0:00:01]} Nc6 {
[%emt 0:00:02]} 7. Bb5 {[%emt 0:00:00]} Be6 {[%emt 0:00:01]} 8. Nf3 {
[%emt 0:00:03]} Bd6 {[%emt 0:00:01]} 9. O-O {[%emt 0:00:03]} Nge7 {
[%emt 0:00:01]} 10. Be3 {[%emt 0:00:03]} O-O {
Remizatorul offers a draw [%emt 0:00:01]} 1/2-1/2

[Event "COLOSSEUM 111"]
[Site "playchess.com #021503"]
[Date "2010.06.15"]
[Round "7"]
[White "Daniel88"]
[Black "Stoleriu , George"]
[Result "1-0"]
[WhiteElo "1689"]
[BlackElo "1339"]
[PlyCount "107"]
[EventDate "2010.06.15"]
[EventType "swiss (blitz)"]

1. e4 {[%emt 0:00:01]} c5 {[%emt 0:00:01]} 2. Nf3 {[%emt 0:00:02]} d6 {
[%emt 0:00:00]} 3. d4 {[%emt 0:00:01]} cxd4 {[%emt 0:00:00]} 4. Nxd4 {
[%emt 0:00:00]} Nf6 {[%emt 0:00:01]} 5. Nc3 {[%emt 0:00:01]} a6 {[%emt 0:00:01]
} 6. Be3 {[%emt 0:00:01]} b5 {[%emt 0:00:02]} 7. a3 {[%emt 0:00:01]} e6 {
[%emt 0:00:01]} 8. Bd3 {[%emt 0:00:01]} Be7 {[%emt 0:00:01]} 9. O-O {
[%emt 0:00:01]} Bb7 {[%emt 0:00:00]} 10. f3 {[%emt 0:00:02]} O-O {
[%emt 0:00:01]} 11. Rc1 {[%emt 0:00:01]} Nbd7 {[%emt 0:00:01]} 12. Nce2 {
[%emt 0:00:03]} Rc8 {[%emt 0:00:01]} 13. c3 {[%emt 0:00:01]} Nc5 {
[%emt 0:00:02]} 14. Bc2 {[%emt 0:00:05]} e5 {[%emt 0:00:11]} 15. Nb3 {
[%emt 0:00:06]} Nxb3 {[%emt 0:00:02]} 16. Bxb3 {[%emt 0:00:01]} d5 {
[%emt 0:00:06]} 17. exd5 {[%emt 0:00:04]} Bxd5 {[%emt 0:00:01]} 18. Bxd5 {
[%emt 0:00:00]} Qxd5 {[%emt 0:00:03]} 19. Qxd5 {[%emt 0:00:03]} Nxd5 {
[%emt 0:00:02]} 20. Bf2 {[%emt 0:00:01]} Bg5 {[%emt 0:00:04]} 21. Rcd1 {
[%emt 0:00:02]} Rfd8 {[%emt 0:00:09]} 22. Ng3 {[%emt 0:00:02]} Be3 {
[%emt 0:00:03]} 23. h3 {[%emt 0:00:00]} Bxf2+ {[%emt 0:00:03]} 24. Kxf2 {
[%emt 0:00:04]} Nf4 {[%emt 0:00:03]} 25. Ne4 {[%emt 0:00:12]} Nd3+ {
[%emt 0:00:08]} 26. Kg1 {[%emt 0:00:08]} Nxb2 {[%emt 0:00:02]} 27. Rc1 {
[%emt 0:00:06]} Nc4 {[%emt 0:00:04]} 28. Ra1 {[%emt 0:00:00]} Rd3 {
[%emt 0:00:03]} 29. Rfc1 {[%emt 0:00:09]} h6 {[%emt 0:00:04]} 30. a4 {
[%emt 0:00:01]} Kh7 {[%emt 0:00:22]} 31. axb5 {[%emt 0:00:02]} axb5 {
[%emt 0:00:01]} 32. Kh2 {[%emt 0:00:02]} g6 {[%emt 0:00:03]} 33. Rab1 {
[%emt 0:00:02]} f5 {[%emt 0:00:07]} 34. Nf2 {[%emt 0:00:03]} Na3 {
[%emt 0:00:08]} 35. Rb3 {[%emt 0:00:05]} Ra8 {[%emt 0:00:03]} 36. Nxd3 {
[%emt 0:00:03]} e4 {[%emt 0:00:00]} 37. Nf4 {[%emt 0:00:06]} g5 {[%emt 0:00:02]
} 38. Nd5 {[%emt 0:00:05]} Kg6 {[%emt 0:00:03]} 39. Ra1 {[%emt 0:00:04]} Nb1 {
[%emt 0:00:11]} 40. Rxa8 {[%emt 0:00:04]} Nxc3 {[%emt 0:00:01]} 41. Nxc3 {
[%emt 0:00:04]} b4 {[%emt 0:00:02]} 42. g4 {[%emt 0:00:03]} e3 {[%emt 0:00:01]}
43. Rxb4 {[%emt 0:00:04]} e2 {[%emt 0:00:01]} 44. Nxe2 {[%emt 0:00:01]} f4 {
[%emt 0:00:01]} 45. Ra7 {[%emt 0:00:00]} Kf6 {[%emt 0:00:01]} 46. Ra6+ {
[%emt 0:00:03]} Ke5 {[%emt 0:00:01]} 47. Re4+ {[%emt 0:00:02]} Kd5 {
[%emt 0:00:01]} 48. Ra5+ {[%emt 0:00:01]} Kc6 {[%emt 0:00:01]} 49. Rf5 {
[%emt 0:00:02]} Kb6 {[%emt 0:00:03]} 50. Re6+ {[%emt 0:00:01]} Kc7 {
[%emt 0:00:01]} 51. Rf7+ {[%emt 0:00:01]} Kd8 {[%emt 0:00:01]} 52. Rxh6 {
[%emt 0:00:01]} Ke8 {[%emt 0:00:01]} 53. Ra7 {[%emt 0:00:00]} Kf8 {
[%emt 0:00:03]} 54. Rh8# {[%emt 0:00:01]} 1-0